000 00621nam a2200241Ia 4500
003 OSt
005 20220925215319.0
006 a|||||r|||| 00| 0
007 ta
008 220923b |||||||| |||| 00| 0 eng d
020 _a434922676
037 _cGeneral Book
040 _aRTL
_cRTL
_beng
041 _2eng
_aeng
082 _aX9:9, M4
100 _aWinfield Ian
_9282579
245 0 _aPeople in business
260 _aLondon
_bHeinemann UK
_c1984
300 _a274p.
_ccm.
650 _aLabour Economics
_921364
942 _hX9:9, M4
_cGB
_2CC
999 _c568476
_d568476